|
|
|
|
| LEADER |
00000nam a2200000 a 4500 |
| 001 |
vtls009471034 |
| 003 |
SK-MaSNL |
| 005 |
20260301082030.0 |
| 008 |
130117s2008 xo f u 000 0 slo |
| 015 |
|
|
|a SNBN2009/04-01307
|
| 020 |
|
|
|c (cen. skup. 13)
|
| 040 |
|
|
|a SNK
|b slo
|c SNK
|e AACR2
|
| 041 |
1 |
|
|a slo
|h eng
|
| 044 |
|
|
|a xo
|c SK
|
| 046 |
|
|
|a m
|m 20080301 (účin.)
|n 20180901 (zruš.)
|
| 072 |
|
7 |
|a 667
|x Priemysel farbív
|2 konspekt
|
| 084 |
|
|
|a 87.020
|2 ICS
|
| 130 |
0 |
|
|a STN 67 3110 (STN EN ISO 12944-5) [neplatná]
|9 363761
|
| 245 |
1 |
0 |
|a STN EN ISO 12944-5: 2008 (67 3110) [neplatná], Náterové látky. Protikorózna ochrana oceľových konštrukcií ochrannými náterovými systémami
|n Časť 5
|p Ochranné náterové systémy
|
| 246 |
1 |
0 |
|a Náterové látky
|
| 246 |
1 |
0 |
|a Protikorózna ochrana oceľových konštrukcií ochrannými náterovými systémami
|
| 246 |
1 |
0 |
|a Ochranné náterové systémy
|
| 246 |
3 |
0 |
|a ISO 12944-5: 2007
|
| 260 |
|
|
|a Bratislava
|b Slovenský ústav technickej normalizácie
|c 2008
|
| 300 |
|
|
|a 13 s.
|b tab.
|c 30 cm
|
| 500 |
|
|
|a Spracovateľ: Miroslav Kočan, Natália Kočanová. Technická komisia č. 76 Korózia a ochrana materiálov proti korózii
|
| 500 |
|
|
|a Táto norma nahrádza STN EN ISO 12944-5 z decembra 2001 v celom rozsahu
|
| 500 |
|
|
|a Norma je od 1.9.2018 nahradená anglickou verziou normy EN ISO 12944-5 zo sepbembra 2018, ktorú nahradila slovenská verzia normy STN EN ISO 12944-5 zo septembra 2019 v celom rozsahu
|
| 540 |
|
|
|a STN vydané na akomkoľvek nosiči sa môžu rozmnožovať a rozširovať iba so súhlasom určenej právnickej soby
|b SÚTN Bratislava
|c zákon 264/1999 Z. z.
|
| 650 |
0 |
7 |
|a náterové látky
|2 SNKPH
|9 75358
|
| 650 |
0 |
7 |
|a oceľové konštrukcie
|2 SNKPH
|9 31829
|
| 650 |
0 |
7 |
|a protikorózna ochrana
|2 SNKPH
|9 28802
|
| 650 |
0 |
7 |
|a technické normy a štandardy
|z Slovensko
|2 SNKPH
|9 79594
|
| 650 |
0 |
7 |
|a technické normy a štandardy
|z krajiny Európskej únie
|2 SNKPH
|9 289341
|
| 655 |
|
7 |
|a normy
|2 SNKPH
|9 70643
|
| 700 |
1 |
|
|a Kočan, Miroslav
|4 trl
|9 320869
|
| 700 |
1 |
|
|a Kočanová, Natália
|4 trl
|9 309870
|
| 710 |
2 |
|
|a Slovenský ústav technickej normalizácie (Bratislava, Slovensko).
|b Technická komisia č. 76 Korózia a ochrana materiálov proti korózii
|4 stn
|9 314632
|
| 958 |
|
|
|a NB
|
| 958 |
|
|
|a OP
|
| 999 |
|
|
|c 657490
|d 659420
|
| 952 |
|
|
|a SNK
|b SNK
|y PREZ
|7 0
|p 17A0608871
|o snkSTN EN ISO 12944-5
|i snk2009/2162
|8 0
|0 0
|1 0
|4 0
|d 2009-02-10
|l 0
|r 2026-02-23 18:42:39
|w 2026-02-23
|
| 952 |
|
|
|a SNK
|b SNK
|y PREZ
|7 0
|p 17A0608872
|o snkSTN EN ISO 12944-5 D1
|i snk2009/2163
|8 0
|0 0
|1 0
|4 0
|d 2009-02-10
|l 0
|r 2026-02-23 18:42:39
|w 2026-02-23
|